Doux rossignols - Cendrillon (Paroles) - Statistiques

Statistiques générales
  • Ce quiz a été pris 57 fois
  • Le résultat moyen est 63 sur 74
Statistiques - réponses
Paroles % Correct
Chante
100%
chante
100%
Chante
100%
chante
100%
Chante
100%
chante
100%
Cendrillon Chante
100%
chante
100%
chante
100%
chante
100%
Chante
100%
chante
100%
chante
100%
chante
100%
chante
100%
chante
100%
chante
100%
chante
100%
chante
100%
chante
100%
Rossignol
100%
Rossignol
100%
rossignol
100%
rossignol
100%
rossignol
100%
rossignol
100%
rossignol
100%
rossignol
100%
rossignol
100%
rossignol
100%
rossignol
100%
La marâtre la
90%
la
90%
Javotte La
90%
la
90%
La
90%
la
90%
la
90%
la
90%
la
90%
la
90%
la
90%
la
90%
Ô
82%
Ô
82%
Ô
82%
Ô
82%
Ô
82%
dans
80%
dans
80%
dans
80%
Dans
80%
Dans
80%
nuit
76%
nuit
76%
nuit
76%
nuit
76%
nuit
76%
doux
69%
Mon
65%
Ah
61%
ah
61%
ah
61%
ah
61%
Ah
61%
ah
61%
ah
61%
ah
61%
ah
61%
ah
61%
Oh
45%
bémol
43%
oui
43%
oui
43%
Aucun quiz correspondant
Distribution des résultats
% des personnes avec chaque résultat
Percentile par nombre de réponses
Votre historique - résultats
Vous n’avez pas pris ce quiz